Evaluación financiera de proyectos de inversión
Uloženo v:
| Hlavní autor: | |
|---|---|
| Médium: | Kniha |
| Jazyk: | španělština |
| Vydáno: |
Barcelona
Norma
1988
|
| Témata: | |
| Tagy: |
Přidat tag
Žádné tagy, Buďte první, kdo vytvoří štítek k tomuto záznamu!
|
MARC
| LEADER | 00000nam a2200000 a 4500 | ||
|---|---|---|---|
| 001 | UCO9383 | ||
| 003 | CL-VaPUC | ||
| 008 | 010302e19880000SP |||||||||||||||||spa|d | ||
| 082 | 0 | 4 | |a 332.6725 |b INF |2 21 |
| 100 | |a Infante Villarreal, Arturo |e author |9 454485 | ||
| 245 | 1 | 0 | |a Evaluación financiera de proyectos de inversión |
| 300 | |a 400 p | ||
| 942 | |c BK | ||
| 945 | |d 20010302 00:00:00 |a vberengu | ||
| 260 | |a Barcelona |b Norma |c 1988 | ||
| 650 | 0 | |a Investigación económica |9 320830 | |
| 650 | 0 | |a Proyectos de inversión |9 261065 | |
| 650 | 7 | |a GANANCIAS |2 CL-VaPUC |9 307105 | |
| 650 | 0 | |a Evaluación de proyectos |9 259341 | |
| 650 | 7 | |a EVALUACION ECONOMICA |2 CL-VaPUC |9 306196 | |
| 583 | |a last modification |c 20010302 00:00:00 |k Rodrigo Vera | ||
| 999 | |c 293595 |d 293593 | ||
| 952 | |0 0 |1 0 |4 0 |6 332_672500000000000_INF_1988 |7 0 |8 A |9 345220 |a BIBING |b BIBING |d 2019-11-20 |i 365950K |o 332.6725 INF 1988 |p 365950K |r 2025-01-20 |w 2019-11-20 |y BK |k CCL | ||